FNaF Rockit Music lyrics quiz - Statistics

General Stats
  • This quiz has been taken 9 times
  • The average score is 10 of 23
Answer Stats
Hint Answer % Correct
Im gonna bleed, Im gonna stay, I'll never leave till night becomes day Total Insecurity
80%
Can you smell the fumes leak propane from my brain, strike a match and pour the gasoline Burn
60%
I'm being tortured and tortured to death, the cycle over and over again Every Body
60%
I've got angels and demons, I see robots and Heathens Into the Pit
60%
Glitching through the system, can't outrun better watch your step, if not ill come LOL
60%
Debating with these robots infiltrating round the clock, and I thought I lost Memory
60%
What's going on in my brain, there's something wrong in my head No Joy
60%
Didn't believe the stories I heard, to be honest it sounded absurd, but I needed the money Dark
40%
Mentally ill I got no chill, Gregory stand still while I get ready to kill Drop
40%
I like it I crave it, as your pulse begins to fade, I suit up and tighten my bow Freddy Says
40%
Keep calm carry on, when it seems like the end, when you feel ruined Mimic
40%
I drag you in watch you decompose inside out, ripping out your heart to feel a heartbeat Misfit
40%
I've been patiently waiting for someone to take the bait, I made a couple of enemies One bite
40%
Their secrets sit behind their ugly glowing eyes, pure evils comin from inside One more Night
40%
Hidden in a mask, I do this often voice in my head ask who's talkin Right Back
40%
I've gone insane from the mental strain, all aboard this nightmare train She Knows
40%
Evil at its finest, your final days are grim, Killing yous my favourite kind of sin Temperature
40%
From zero to twenty animatronics are hunting me at my desk and im wondering if im going to make it back home Custom Night
20%
When the music stops, I'll be slithering about, checking all the cameras Kill Tonight
20%
Constantly hit with a slap to the face like a trap, and the tick tick of the clock Lefty
20%
Turn on the TV and listen for sounds, stayed up all night scared for my life Living Room
20%
Hear the whispers in the dark and I close all the door, but I feel the wind is blowing cold Nightmare
20%
When you hear the footsteps heat sets in, better not forget where they came in The Attic
20%
No matching quizzes found
Score Distribution
Percent of People with Each Score
Percentile by Number Answered
Your Score History
You have not taken this quiz